Quiz Pokémon en images - 1ère Génération - Statistiques

Statistiques générales
  • Ce quiz a été pris 139 fois
    73 depuis la dernière actualisation
  • Le résultat moyen est 133 sur 151
Statistiques - réponses
Par images Réponse % Correct
Bulbizarre
97%
Carapuce
97%
Dracaufeu
97%
Draco
97%
Évoli
97%
Férosinge
97%
Florizarre
97%
Goupix
97%
Grotadmorv
97%
Herbizarre
97%
Machopeur
97%
Magicarpe
97%
Magnéti
97%
Mélofée
97%
Miaouss
97%
Nidoking
97%
Nidoqueen
97%
Nidorina
97%
Nidorino
97%
Pikachu
97%
Ponyta
97%
Raichu
97%
Rattata
97%
Rattatac
97%
Reptincel
97%
Rondoudou
97%
Roucool
97%
Roucoups
97%
Sabelette
97%
Salamèche
97%
Stari
97%
Tadmorv
97%
Taupiqueur
97%
Tortank
97%
Abra
94%
Aquali
94%
Aspicot
94%
Carabaffe
94%
Chenipan
94%
Chrysacier
94%
Dracolosse
94%
Galopa
94%
Machoc
94%
Magnéton
94%
Mélodelfe
94%
Mew
94%
Mewtwo
94%
Minidraco
94%
Onix
94%
Persian
94%
Racaillou
94%
Roucarnage
94%
Tentacool
94%
Voltali
94%
Voltorbe
94%
Abo
91%
Arbok
91%
Arcanin
91%
Caninos
91%
Coconfort
91%
Colossinge
91%
Doduo
91%
Fantominus
91%
Feunard
91%
Métamorph
91%
Noeunoeuf
91%
Osselait
91%
Pyroli
91%
Ronflex
91%
Sablaireau
91%
Smogo
91%
Smogogo
91%
Staross
91%
Tauros
91%
Tentacruel
91%
Alakazam
88%
Boustiflor
88%
Ectoplasma
88%
Excelangue
88%
Gravalanch
88%
Grodoudou
88%
Grolem
88%
Insécateur
88%
Kadabra
88%
Kangourex
88%
Léviator
88%
Lippoutou
88%
Mackogneur
88%
Nosferapti
88%
Ptitard
88%
Dardargnan
85%
Électrode
85%
Krabboss
85%
Krabby
85%
Leveinard
85%
Magmar
85%
M. Mime
85%
Mystherbe
85%
Nidoran♀
85%
Nidoran♂
85%
Ortide
85%
Ossatueur
85%
Papilusion
85%
Piafabec
85%
Psykokwak
85%
Ramoloss
85%
Rhinocorne
85%
Soporifik
85%
Spectrum
85%
Sulfura
85%
Triopikeur
85%
Tygnon
85%
Akwakwak
82%
Artikodin
82%
Canarticho
82%
Dodrio
82%
Lamantine
82%
Noadkoko
82%
Nosferalto
82%
Poissirène
82%
Porygon
82%
Rafflesia
82%
Rapasdepic
82%
Chétiflor
79%
Élektek
79%
Flagadoss
79%
Hypocéan
79%
Hypotrempe
79%
Kicklee
79%
Kokiyas
79%
Lokhlass
79%
Paras
79%
Ptéra
79%
Scarabrute
79%
Têtarte
79%
Amonita
76%
Crustabri
76%
Empiflor
76%
Hypnomade
76%
Kabuto
76%
Tartard
76%
Électhor
73%
Kabutops
73%
Otaria
73%
Parasect
73%
Rhinoféros
73%
Saquedeneu
73%
Amonistar
70%
Mimitoss
70%
Poissoroy
70%
Aéromite
64%
Aucun quiz correspondant
Distribution des résultats
% des personnes avec chaque résultat
Percentile par nombre de réponses
Votre historique - résultats
Vous n’avez pas pris ce quiz depuis la dernière actualisation